| 000 | 00743nam a2200241 i 4500 | ||
|---|---|---|---|
| 001 | 178116 | ||
| 003 | ES-MaACL | ||
| 005 | 20230906220501.0 | ||
| 007 | t| | ||
| 008 | 110518s1964 sp |||| | spa d | ||
| 080 | _a2-175 | ||
| 100 | 1 |
_aSchmaus, Michael. _9104445 |
|
| 245 | 1 | 3 |
_aEl problema escatológico / _cMichael Schmaus ; [traducción de Joaquín Blázquez]. |
| 260 |
_aBarcelona : _bHerder, _c1964. |
||
| 300 |
_a106 p. ; _c18 cm. |
||
| 490 | 1 |
_aPequeña biblioteca Herder ; _v42 |
|
| 504 | _aBibliografía: p. 75-106. | ||
| 650 | 0 | 4 |
_aEscatología. _912349 |
| 700 | 1 |
_aBlázquez, Joaquín. _929440 |
|
| 830 | 0 |
_aPequeña biblioteca Herder ; _v42 _9190720 |
|
| 852 |
_aES-MaACL _jE-15145 _xOlim P-274 |
||
| 999 |
_c178116 _d178116 |
||